Prefix Click Quiz: E - Statistics

General Stats
  • This quiz has been taken 141 times
  • The average score is 10 of 15
Answer Stats
Hint Answer % Correct
Egypt Egypt-
97%
Horse Equ-
91%
Self Ego-
90%
Outside Exo-
86%
Inside Endo-
84%
Sound Ech-
79%
Love Erot-
74%
People Ethn-
74%
Assembly Ecclesi-
64%
Nine Ennea-
62%
Work Erg-
60%
Vomit Eme-
57%
Dawn Eo-
49%
House Eco-
39%
True Etym-
29%
No matching quizzes found
Score Distribution
Percent of People with Each Score
Percentile by Number Answered
Your Score History
You have not taken this quiz